[Event "London Chess Classic: Blitz A"]
[Site "London"]
[Date "2019.12.08"]
[Round "10"]
[White "Arapalea, Daniel Ionel"]
[Black "Bird, Joel"]
[Result "0-1"]
[WhiteElo "1829"]
[BlackElo "1954"]
[PlyCount "166"]
[EventDate "2019.12.08"]
[EventType "swiss (blitz)"]
[EventRounds "11"]
[EventCountry "ENG"]
[SourceTitle "EXT 2021"]
[Source "ChessBase"]
[SourceDate "2020.10.23"]
[SourceVersion "1"]
[SourceVersionDate "2020.10.23"]
[SourceQuality "1"]

1. e4 d5 2. exd5 Nf6 3. Nc3 Nxd5 4. g3 Bf5 5. Bg2 e6 6. Nge2 c6 7. d3 Be7 8. 0-0 Nd7 9. Re1 0-0 10. Nxd5 cxd5 11. Nf4 Bf6 12. Nh5 Be7 13. Nf4 Rc8 14. c3 Bd6 15. Ne2 Bg6 16. Nf4 Bf5 17. Qe2 h6 18. d4 Nf6 19. f3 Qc7 20. Nd3 b5 21. Ne5 b4 22. Bd2 bxc3 23. bxc3 Bxe5 24. dxe5 Nd7 25. g4 Bg6 26. g5 h5 27. f4 Qc4 28. Qxc4 Rxc4 29. Bf1 Rc7 30. a4 Rb8 31. Re3 Bf5 32. Bd3 Bxd3 33. Rxd3 Nc5 34. Rh3 Ne4 35. Be1 g6 36. Re3 Rc4 37. Kg2 Rb2+ 38. Kg1 Kg7 39. a5 Rb3 40. a6 Rb6 41. Re2 Nxc3 42. Bxc3 Rxc3 43. Kf2 Rcc6 44. Rea2 Kf8 45. Ke3 Ke7 46. Kd4 Rb4+ 47. Kd3 Kd7 48. Ke3 Rc3+ 49. Kf2 Rxf4+ 50. Kg2 Rg4+ 51. Kf2 Rxg5 52. Rb2 Rf5+ 53. Kg2 Rxe5 54. Rb7+ Kd6 55. Rxa7 Re2+ 56. Kf1 Rxh2 57. Kg1 Rcc2 58. Rxf7 Rcg2+ 59. Kf1 Rh1+ 60. Kxg2 Rxa1 61. a7 Ke5 62. Kf3 g5 63. Ke3 Ra3+ 64. Kf2 d4 65. Rh7 h4 66. Rg7 Ke4 67. Re7 e5 68. Rg7 Ra2+ 69. Kg1 Kf5 70. Rf7+ Kg4 71. Re7 Kg3 72. Kf1 Ra1+ 73. Ke2 Kf4 74. Kd3 Ra3+ 75. Kc4 d3 76. Rd7 Ke4 77. Kb5 Ke3 78. Kb6 e4 79. Rd5 Rxa7 80. Rxg5 Rf7 81. Rh5 Rf4 82. Kc5 d2 83. Rd5 Ke2 0-1

[Event "London Chess Classic: Blitz A"]
[Site "London"]
[Date "2019.12.08"]
[Round "9"]
[White "Bird, Joel"]
[Black "Bergner, Matthias"]
[Result "1-0"]
[WhiteElo "1954"]
[BlackElo "1593"]
[PlyCount "38"]
[EventDate "2019.12.08"]
[EventType "swiss (blitz)"]
[EventRounds "11"]
[EventCountry "ENG"]
[SourceTitle "EXT 2021"]
[Source "ChessBase"]
[SourceDate "2020.10.23"]
[SourceVersion "1"]
[SourceVersionDate "2020.10.23"]
[SourceQuality "1"]

1. e4 g6 2. d4 Bg7 3. Nc3 e6 4. Be3 Ne7 5. Nf3 0-0 6. Qd2 b6 7. Bh6 Bb7 8. Bxg7 Kxg7 9. Bd3 f5 10. 0-0-0 Nbc6 11. h4 Ng8 12. h5 Nce7 13. Kb1 Qe8 14. Ng5 h6 15. Nf3 g5 16. exf5 Nxf5 17. Rde1 Bxf3 18. gxf3 Qe7 19. f4 Kh8 1-0

[Event "London Chess Classic: Blitz A"]
[Site "London"]
[Date "2019.12.08"]
[Round "1"]
[White "Bird, Joel"]
[Black "Essis, Essoh Jean Mathieu"]
[Result "1-0"]
[WhiteElo "1954"]
[BlackElo "1430"]
[PlyCount "81"]
[EventDate "2019.12.08"]
[EventType "swiss (blitz)"]
[EventRounds "11"]
[EventCountry "ENG"]
[SourceTitle "EXT 2021"]
[Source "ChessBase"]
[SourceDate "2020.10.23"]
[SourceVersion "1"]
[SourceVersionDate "2020.10.23"]
[SourceQuality "1"]

1. e4 e5 2. Nf3 Nc6 3. Bb5 a6 4. Ba4 b5 5. Bb3 d6 6. c3 Bg4 7. 0-0 Na5 8. Bc2 Be7 9. h3 Bd7 10. d4 exd4 11. cxd4 c6 12. Re1 Nc4 13. b3 Nb6 14. Bf4 Nf6 15. Nc3 0-0 16. a4 Nh5 17. Bh2 c5 18. a5 b4 19. Nb1 Nc8 20. Nbd2 Re8 21. e5 cxd4 22. Nxd4 d5 23. Qxh5 Bc5 24. Qxh7+ Kf8 25. Qh8+ Ke7 26. Qh4+ f6 27. exf6+ Kf7 28. Qh5+ Kg8 29. f7+ Kf8 30. fxe8Q+ Bxe8 31. Qf3+ Bf7 32. Ne6+ Kg8 33. Nxd8 Nd6 34. Nxf7 Nxf7 35. Be5 Re8 36. Qg3 Nxe5 37. Rxe5 Rxe5 38. Qxe5 Bf8 39. Qe6+ Kh8 40. Bg6 Bc5 41. Qc8+ 1-0

[Event "London Chess Classic: Blitz A"]
[Site "London"]
[Date "2019.12.08"]
[Round "8"]
[White "Ratnesan, Ranesh"]
[Black "Bird, Joel"]
[Result "1-0"]
[WhiteElo "1765"]
[BlackElo "1954"]
[PlyCount "75"]
[EventDate "2019.12.08"]
[EventType "swiss (blitz)"]
[EventRounds "11"]
[EventCountry "ENG"]
[SourceTitle "EXT 2021"]
[Source "ChessBase"]
[SourceDate "2020.10.23"]
[SourceVersion "1"]
[SourceVersionDate "2020.10.23"]
[SourceQuality "1"]

1. Nf3 d5 2. g3 Nf6 3. Bg2 c6 4. d3 Bg4 5. Ne5 Nbd7 6. Nxg4 Nxg4 7. 0-0 Ngf6 8. c4 e6 9. cxd5 cxd5 10. Nc3 Be7 11. e4 dxe4 12. dxe4 0-0 13. Qe2 Nc5 14. Rd1 Qb6 15. Be3 Qa6 16. Qxa6 Nxa6 17. e5 Nd5 18. Nxd5 exd5 19. Bxd5 Nc5 20. b4 Na4 21. a3 Nc3 22. Rd3 Nxd5 23. Rxd5 Rfd8 24. Rad1 b6 25. Rd7 Kf8 26. Kg2 Ke8 27. Rxd8+ Rxd8 28. Rxd8+ Kxd8 29. Kf3 Kc7 30. Ke4 a6 31. Kd5 Bd8 32. a4 Be7 33. b5 axb5 34. axb5 Bd8 35. e6 fxe6+ 36. Kxe6 Bf6 37. Bf4+ Kb7 38. Be5 1-0

[Event "South Wales op 16th"]
[Site "Cardiff"]
[Date "2019.07.11"]
[Round "7"]
[White "Bird, Joel"]
[Black "Waddington, Mike P"]
[Result "1-0"]
[WhiteElo "1988"]
[BlackElo "2014"]
[PlyCount "165"]
[EventDate "2019.07.07"]
[EventType "swiss"]
[EventRounds "9"]
[EventCountry "WLS"]
[SourceTitle "CBM 191 Extra"]
[Source "ChessBase"]
[SourceDate "2019.09.30"]
[SourceVersion "1"]
[SourceVersionDate "2019.09.30"]
[SourceQuality "1"]

1. e4 e6 2. d4 d5 3. Nc3 Nf6 4. e5 Nfd7 5. f4 c5 6. Nf3 Nc6 7. Be3 cxd4 8. Nxd4 Bc5 9. Qd2 0-0 10. 0-0-0 Bxd4 11. Bxd4 a6 12. h4 b5 13. h5 Nxd4 14. Qxd4 Qb6 15. Kb1 Qxd4 16. Rxd4 f6 17. exf6 Nxf6 18. a4 bxa4 19. Rxa4 Bb7 20. Rb4 Ra7 21. h6 g6 22. Bd3 Nd7 23. Re1 Kf7 24. g3 Bc6 25. Ne2 a5 26. Rb3 Nf6 27. Nd4 Bd7 28. Rb6 Ng4 29. Nxe6 Bxe6 30. Rexe6 Nxh6 31. Rf6+ Kg7 32. Rxf8 Kxf8 33. Rd6 Ke7 34. Rxd5 Ke6 35. Re5+ Kd6 36. Ka2 Ng4 37. Re2 Nf6 38. Ka3 Nh5 39. Re3 Kd5 40. c3 Kc5 41. b3 Rd7 42. Be2 Nf6 43. Re5+ Rd5 44. Re3 Rd8 45. Bf3 Rd6 46. Ka4 Kb6 47. Ka3 Nd7 48. Be2 Nc5 49. Bc4 Rd2 50. b4 axb4+ 51. cxb4 Nb7 52. Kb3 Nd6 53. Bd3 Rd1 54. Kc2 Rg1 55. Kc3 Rc1+ 56. Kd4 Kc6 57. Re7 Rd1 58. Rxh7 Nf5+ 59. Kc3 Nxg3 60. Rg7 Nh5 61. Rxg6+ Kc7 62. f5 Nf4 63. Rg3 Nxd3 64. Rxd3 Rf1 65. Rd5 Kc6 66. Rc5+ Kd6 67. Kc4 Rf4+ 68. Kb5 Re4 69. Rc6+ Kd7 70. f6 Re1 71. Kb6 Re8 72. b5 Rb8+ 73. Kc5 Rh8 74. Kb6 Rb8+ 75. Ka6 Ke8 76. b6 Ra8+ 77. Kb7 Ra1 78. Kb8 Kd7 79. Rc7+ Kd6 80. f7 Rf1 81. b7 Rf2 82. Rc8 Rxf7 83. Ka8 1-0

[Event "South Wales op 16th"]
[Site "Cardiff"]
[Date "2019.07.10"]
[Round "6"]
[White "Borkowski, J Andrew"]
[Black "Bird, Joel"]
[Result "0-1"]
[WhiteElo "1769"]
[BlackElo "1988"]
[PlyCount "102"]
[EventDate "2019.07.07"]
[EventType "swiss"]
[EventRounds "9"]
[EventCountry "WLS"]
[SourceTitle "CBM 191 Extra"]
[Source "ChessBase"]
[SourceDate "2019.09.30"]
[SourceVersion "1"]
[SourceVersionDate "2019.09.30"]
[SourceQuality "1"]

1. d4 d5 2. Nf3 Nf6 3. e3 Bf5 4. c4 c6 5. Qb3 Qb6 6. Nc3 e6 7. Ne5 Be7 8. c5 Qc7 9. Be2 b6 10. cxb6 axb6 11. Bd2 Nfd7 12. f4 f6 13. Nxd7 Nxd7 14. Rc1 Qd6 15. a3 0-0 16. 0-0 Kh8 17. Nd1 Rfb8 18. Bd3 Bxd3 19. Qxd3 f5 20. Bb4 c5 21. dxc5 bxc5 22. Bc3 Qa6 23. Nf2 Qb5 24. Qxb5 Rxb5 25. g4 Bf6 26. Bxf6 Nxf6 27. g5 Nd7 28. Rc2 Rb3 29. Nd1 Rab8 30. Rff2 Kg8 31. Rc3 R3b7 32. Rd2 c4 33. Rcc2 Nc5 34. Kg2 Nd3 35. Re2 Rb3 36. h4 Kf7 37. h5 h6 38. g6+ Ke7 39. Kf1 Nc5 40. Nc3 Nd3 41. Nd1 Kd6 42. Red2 e5 43. fxe5+ Kxe5 44. Ke2 f4 45. Rc3 R3b6 46. Rcc2 Rf8 47. exf4+ Rxf4 48. Ne3 Re4 49. Rxd3 cxd3+ 50. Kxd3 Rb3+ 51. Rc3 Rxe3+ 0-1

[Event "South Wales op 16th"]
[Site "Cardiff"]
[Date "2019.07.08"]
[Round "3"]
[White "Bird, Joel"]
[Black "Sivarajasingam, Venetia"]
[Result "1-0"]
[WhiteElo "1988"]
[BlackElo "1745"]
[PlyCount "57"]
[EventDate "2019.07.07"]
[EventType "swiss"]
[EventRounds "9"]
[EventCountry "WLS"]
[SourceTitle "CBM 191 Extra"]
[Source "ChessBase"]
[SourceDate "2019.09.30"]
[SourceVersion "1"]
[SourceVersionDate "2019.09.30"]
[SourceQuality "1"]

1. e4 e6 2. d4 d5 3. Nc3 dxe4 4. Nxe4 Nd7 5. Bd3 Ngf6 6. Qe2 Be7 7. Nf3 0-0 8. Nxf6+ Nxf6 9. 0-0 b6 10. Bg5 Bb7 11. Rad1 Qd6 12. Rfe1 c5 13. dxc5 Qxc5 14. Ne5 Rad8 15. c3 h6 16. Bh4 Nd7 17. b4 Qc7 18. Bxe7 Nxe5 19. Bxd8 Rxd8 20. Qxe5 Qe7 21. Qe3 Kh8 22. Be4 Ba6 23. Rxd8+ Qxd8 24. g3 Bc4 25. Qd4 Qxd4 26. cxd4 b5 27. f4 f5 28. Bc2 Bxa2 29. Ra1 1-0

[Event "GBR-ch 105th Morning op"]
[Site "Hull"]
[Date "2018.07.30"]
[Round "1"]
[White "Rahulan, Thivyaa"]
[Black "Bird, Joel"]
[Result "1-0"]
[WhiteElo "1774"]
[BlackElo "2003"]
[PlyCount "73"]
[EventDate "2018.07.30"]
[EventType "swiss"]
[EventRounds "5"]
[EventCountry "ENG"]
[SourceTitle "EXT 2019"]
[Source "ChessBase"]
[SourceDate "2018.10.10"]
[SourceVersion "1"]
[SourceVersionDate "2018.10.10"]
[SourceQuality "1"]

1. c4 e5 2. Nc3 Nf6 3. Nf3 Nc6 4. g3 Bb4 5. Bg2 Bxc3 6. bxc3 0-0 7. 0-0 d6 8. d4 Qe7 9. Re1 e4 10. Nd2 e3 11. Nf1 exf2+ 12. Kxf2 Ne4+ 13. Kg1 Re8 14. Ne3 Na5 15. Qa4 b6 16. Qc2 c6 17. Rf1 Ba6 18. Nf5 Qe6 19. d5 cxd5 20. Nd4 Qg6 21. cxd5 Rac8 22. Bb2 Nc4 23. Bh3 Ne3 24. Qc1 Nxf1 25. Bxc8 Rxc8 26. Qxf1 Bb7 27. c4 Rxc4 28. Nf5 Rc7 29. Rc1 Rd7 30. Nxg7 f6 31. Ne6 Bxd5 32. Rc8+ Kf7 33. Nf4 Qg5 34. Qh3 Nxg3 35. hxg3 Re7 36. Qxh7+ Qg7 37. Qh5+ 1-0

[Event "London Classic op 8th"]
[Site "London"]
[Date "2016.12.16"]
[Round "9"]
[White "Cole, James"]
[Black "Bird, Joel"]
[Result "1-0"]
[WhiteElo "1827"]
[BlackElo "2171"]
[PlyCount "87"]
[EventDate "2016.12.09"]
[EventType "swiss"]
[EventRounds "9"]
[EventCountry "ENG"]
[SourceTitle "CBM 176 Extra"]
[Source "ChessBase"]
[SourceDate "2017.03.02"]
[SourceVersion "1"]
[SourceVersionDate "2017.03.02"]
[SourceQuality "1"]

1. e4 e5 2. Nf3 Nc6 3. Bb5 a6 4. Ba4 Nf6 5. Qe2 Be7 6. 0-0 b5 7. Bb3 0-0 8. c3 d6 9. Rd1 Na5 10. Bc2 c5 11. d4 cxd4 12. cxd4 Qc7 13. Nc3 Bg4 14. Be3 Bxf3 15. gxf3 Rac8 16. Rac1 Nc4 17. Bb3 h6 18. a4 Qb7 19. Bxc4 Rxc4 20. b3 Rcc8 21. axb5 axb5 22. d5 Nh5 23. Nxb5 Rxc1 24. Rxc1 Rb8 25. Rc7 Qxb5 26. Qxb5 Rxb5 27. Rxe7 Nf6 28. Rc7 Rxb3 29. Rc8+ Kh7 30. Rd8 Nh5 31. Rxd6 g5 32. Kg2 Nf4+ 33. Kg3 Rb1 34. Bxf4 gxf4+ 35. Kg4 Rb2 36. Kf5 Rxf2 37. Kxe5 Rxf3 38. Rf6 Kg7 39. Rxf4 f6+ 40. Kf5 Rd3 41. Ke6 Rd4 42. d6 f5 43. d7 fxe4 44. Ke7 1-0

[Event "London Classic op 8th"]
[Site "London"]
[Date "2016.12.14"]
[Round "7"]
[White "Bird, Joel"]
[Black "Rushbrooke, Remy"]
[Result "1-0"]
[WhiteElo "2171"]
[BlackElo "1651"]
[PlyCount "137"]
[EventDate "2016.12.09"]
[EventType "swiss"]
[EventRounds "9"]
[EventCountry "ENG"]
[SourceTitle "CBM 176 Extra"]
[Source "ChessBase"]
[SourceDate "2017.03.02"]
[SourceVersion "1"]
[SourceVersionDate "2017.03.02"]
[SourceQuality "1"]

1. e4 e5 2. Nf3 Nf6 3. Nxe5 d6 4. Nf3 Nxe4 5. d4 d5 6. Bd3 Bd6 7. c4 c6 8. 0-0 0-0 9. Nc3 Nxc3 10. bxc3 Bg4 11. cxd5 cxd5 12. Bxh7+ Kxh7 13. Qd3+ g6 14. Ng5+ Kg7 15. h3 Bf5 16. Qd1 f6 17. Nf3 Rh8 18. Kh1 Be4 19. Ng1 Qc8 20. f3 Bf5 21. g4 Be6 22. Qe2 Qc4 23. Qxe6 Qc6 24. Qe3 Nd7 25. Bd2 Nb6 26. Qd3 Nc4 27. Kg2 Rac8 28. Rab1 b6 29. Ne2 Nxd2 30. Qxd2 Rxh3 31. Rh1 Rhh8 32. Rxh8 Rxh8 33. Rh1 Rxh1 34. Kxh1 Qe8 35. Kg2 Qa4 36. Nc1 Qc4 37. Nd3 a5 38. g5 fxg5 39. Ne5 Bxe5 40. dxe5 g4 41. f4 Qe4+ 42. Kg1 g5 43. f5 Qxf5 44. Qxd5 g3 45. Qb7+ Qf7 46. Qxb6 Qf2+ 47. Qxf2 gxf2+ 48. Kxf2 Kg6 49. Ke3 Kf5 50. Kd4 g4 51. Kd5 g3 52. e6 g2 53. e7 g1Q 54. e8Q Qd1+ 55. Kc5 Qg1+ 56. Kb5 Qb1+ 57. Kxa5 Qxa2+ 58. Qa4 Qd2 59. Qb5+ Ke6 60. Qc6+ Ke5 61. Qc5+ Ke6 62. Kb5 Kd7 63. Qc6+ Kd8 64. c4 Qd3 65. Kb6 Qd4+ 66. c5 Qb2+ 67. Ka7 Qa3+ 68. Kb7 Qg3 69. Qc8+ 1-0

[Event "London Classic op 8th"]
[Site "London"]
[Date "2016.12.12"]
[Round "5"]
[White "Bird, Joel"]
[Black "Rice, Christopher"]
[Result "0-1"]
[WhiteElo "2171"]
[BlackElo "2002"]
[PlyCount "128"]
[EventDate "2016.12.09"]
[EventType "swiss"]
[EventRounds "9"]
[EventCountry "ENG"]
[SourceTitle "CBM 176 Extra"]
[Source "ChessBase"]
[SourceDate "2017.03.02"]
[SourceVersion "1"]
[SourceVersionDate "2017.03.02"]
[SourceQuality "1"]

1. e4 e6 2. d4 d5 3. Nc3 Nf6 4. e5 Nfd7 5. f4 c5 6. Nf3 Nc6 7. Be3 a6 8. Qd2 b5 9. dxc5 Bxc5 10. Nd4 Qb6 11. 0-0-0 0-0 12. h4 Bb7 13. Rh3 Rac8 14. Kb1 Nxd4 15. Bxd4 Bxd4 16. Qxd4 Qxd4 17. Rxd4 Nb6 18. b3 Rc7 19. Kb2 Rfc8 20. a3 Nd7 21. Rd2 Nc5 22. Re3 Kf8 23. g3 Ke7 24. Bh3 Rd8 25. Ne2 Ne4 26. Rd4 Rdc8 27. c3 f5 28. exf6+ gxf6 29. Bg2 f5 30. a4 bxa4 31. Rxa4 Kf6 32. Rb4 Nf2 33. Rd4 Ne4 34. Rb4 Nf2 35. Kc2 Bc6 36. Rb6 a5 37. Nd4 Ne4 38. Bxe4 fxe4 39. Ra6 e5 40. fxe5+ Kxe5 41. Rxa5 Rf7 42. Ra6 Rf2+ 43. Kd1 Bd7 44. Kc1 Rcf8 45. Rh6 Rg2 46. Nc2 Rf1+ 47. Ne1 Bf5 48. Ra6 Bg4 49. Ra1 Bf3 50. b4 Rxg3 51. Kb2 Rf2+ 52. Ka3 Kf4 53. Rxf3+ exf3 54. Nd3+ Ke3 55. Nxf2 Kxf2 56. b5 Rg8 57. Kb4 Kg2 58. Kc5 Rc8+ 59. Kxd5 Rxc3 60. Kd4 Rb3 61. Ra7 f2 62. Rg7+ Rg3 63. Rf7 Rf3 64. Rg7+ Kh3 0-1

[Event "London Classic op 8th"]
[Site "London"]
[Date "2016.12.09"]
[Round "1"]
[White "Witt, Holger"]
[Black "Bird, Joel"]
[Result "0-1"]
[WhiteElo "1628"]
[BlackElo "2171"]
[PlyCount "78"]
[EventDate "2016.12.09"]
[EventType "swiss"]
[EventRounds "9"]
[EventCountry "ENG"]
[SourceTitle "CBM 176 Extra"]
[Source "ChessBase"]
[SourceDate "2017.03.02"]
[SourceVersion "1"]
[SourceVersionDate "2017.03.02"]
[SourceQuality "1"]

1. c4 e5 2. Nc3 Nc6 3. Nf3 Nf6 4. d4 exd4 5. Nxd4 Bb4 6. Nxc6 bxc6 7. Bg5 h6 8. Bh4 0-0 9. e3 g5 10. Bg3 Ne4 11. Qc2 Qf6 12. Rc1 Bxc3+ 13. bxc3 Nxg3 14. hxg3 d6 15. Bd3 Bd7 16. Be4 Rfe8 17. 0-0 Rab8 18. Rb1 Kg7 19. Rxb8 Rxb8 20. Qa4 Rb2 21. Bxc6 Bg4 22. Bf3 Bxf3 23. gxf3 Qxf3 24. Qxa7 c5 25. a4 Rc2 26. Qb8 Rxc3 27. Qxd6 Rxc4 28. a5 Rc2 29. a6 Ra2 30. Qxc5 Rxa6 31. Qc3+ Rf6 32. Qb2 h5 33. Qe5 Kg6 34. Qe8 h4 35. Qg8+ Kf5 36. Qc8+ Re6 37. Qc5+ Kg4 38. Kh2 hxg3+ 39. Kg1 Kh3 0-1